Normal view
MARC view
Entry Personal Name
001 - CONTROL NUMBER
- control field: 27864
003 - CONTROL NUMBER IDENTIFIER
- control field: ARRUPE
005 - DATE AND TIME OF LATEST TRANSACTION
- control field: 20161202094913.0
008 - FIXED-LENGTH DATA ELEMENTS
- fixed length control field: 161202|| aca||aabn | a|a d
040 ## - CATALOGING SOURCE
- Original cataloging agency: ARRUPE
- Transcribing agency: ARRUPE
100 ## - HEADING--PERSONAL NAME
- Personal name: Miller, Richard I.
- Fuller form of name: (Richard Isaac),
- Dates associated with a name: 1929-
670 ## - SOURCE DATA FOUND
- Source citation: Work cat.: (ARRUPE)0: Miller, Richard I. (Richard Isaac), 1929-, Dag Hammarskjold and crisis diplomacy., 1962